Codes missions du Transilien H - Statistiques

Statistiques générales
  • Ce quiz a été pris 16 fois
  • Le résultat moyen est 15 sur 37
Statistiques - réponses
Axe Descriptif Code Mission % Correct
Paris > Taverny > Persan Terminus St-Leu la Forêt, dessert toutes les gares FOGI
73%
Paris > Persan/Luzarches Terminus Montsoult Maffliers, dessert toutes les gares MOSA
73%
Paris > Ermont > Pontoise Dessert toutes les gares OPOC
64%
Creil > Persan > Pontoise Dessert toutes les gares TOLI
64%
Paris > Taverny > Persan Terminus Valmondois, dessert toutes les gares sauf St-Denis et Champ de Courses VERA
64%
Paris > Persan/Luzarches Terminus Luzarches, dessert toutes les gares LOMI
55%
Paris > Taverny > Persan Terminus Valmondois, dessert toutes les gares VOBA
55%
Pontoise > Ermont > Paris Dessert toutes les gares sauf Champ de Courses et La Barre Ormesson ADDO
45%
Pontoise > Ermont > Paris Dessert toutes les gares sauf Champ de Courses, La Barre Ormesson et St-Denis ADEO
45%
Persan > Taverny > Paris Départ St-Leu la Forêt, dessert toutes les gares AFOI
45%
Pontoise > Ermont > Paris Dessert toutes les gares APOR
45%
Luzarches/Persan > Paris Départ Persan, dessert toutes les gares jusqu’à Sarcelles Saint-Brice puis direct jusqu’à Paris ASSA
45%
Paris > Ermont > Pontoise Dessert toutes les gares sauf La Barre Ormesson et Champ de Courses ODDA
45%
Paris > Ermont > Pontoise Dessert toutes les gares sauf St-Denis, La Barre Ormesson et Champ de Courses ODEA
45%
Paris > Persan/Luzarches Terminus Persan, dessert toutes les gares POMA
45%
Paris > Persan/Luzarches Terminus Sarcelles Saint-Brice, dessert toutes les gares SOGA
45%
Luzarches/Persan > Paris Départ Sarcelles Saint-Brice, dessert toutes les gares AOGA
36%
Luzarches/Persan > Paris Départ Luzarches, dessert toutes les gares AOLA
36%
Luzarches/Persan > Paris Départ Montsoult Maffliers, dessert toutes les gares AOSA
36%
Persan > Taverny > Paris Dessert toutes les gares sauf Champ de Courses et St-Denis AREP
36%
Paris > Persan/Luzarches Terminus Luzarches, direct de Paris à Sarcelles Saint-Brice puis omnibus jusqu’à Luzarches LEMI
36%
Paris > Persan/Luzarches Terminus Persan, direct de Paris à Sarcelles Saint-Brice puis omnibus jusqu’à Persan PEMI
36%
Creil > Persan > Pontoise Départ Persan, dessert toutes les gares TIMA
36%
Pontoise > Persan > Creil Terminus Persan, dessert toutes les gares TRIA
36%
Pontoise > Persan > Creil Dessert toutes les gares TSOL
36%
Paris > Taverny > Persan Terminus Valmondois, dessert toutes les gares de Paris à St-Leu la Forêt puis direct jusqu’à Valmondois VEVI
36%
Luzarches/Persan > Paris Départ Persan, dessert toutes les gares sauf Groslay et Deuil Montmagny ADEP
27%
Luzarches/Persan > Paris Départ Persan, dessert toutes les gares AOMA
27%
Persan > Taverny > Paris Départ Valmondois, dessert toutes les gares sauf Champ de Courses et St-Denis AREV
27%
Luzarches/Persan > Paris Départ Luzarches, dessert toutes les gares sauf Groslay et Deuil Montmagny AVEL
27%
Paris > Persan/Luzarches Terminus Luzarches, dessert toutes les gares sauf Deuil Montmagny et Groslay LEVA
27%
Paris > Taverny > Persan Dessert toutes les gares sauf St-Denis et Champ de Courses PERA
27%
Paris > Taverny > Persan Dessert toutes les gares POVA
27%
Luzarches/Persan > Paris Départ Luzarches, dessert toutes les gares jusqu’à Sarcelles Saint-Brice puis direct jusqu’à Paris ADEL
18%
Persan > Taverny > Paris Départ Valmondois, dessert toutes les gares AVOL
18%
Persan > Taverny > Paris Dessert toutes les gares AVOP
18%
Paris > Persan/Luzarches Terminus Persan, dessert toutes les gares sauf Deuil Montmagny et Groslay PEDA
18%
Aucun quiz correspondant
Distribution des résultats
% des personnes avec chaque résultat
Percentile par nombre de réponses
Votre historique - résultats
Vous n’avez pas pris ce quiz